Spot goes to the beach. (Record no. 112119)
[ view plain ]
| 000 -LEADER | |
|---|---|
| fixed length control field | 00274nam a2200121 a 4500 |
| 001 - CONTROL NUMBER | |
| control field | 4140 |
| 005 - DATE AND TIME OF LATEST TRANSACTION | |
| control field | 20140414131928.0 |
| 008 - FIXED-LENGTH DATA ELEMENTS--GENERAL INFORMATION | |
| fixed length control field | 090218s19uu xx 00 eng d |
| 050 ## - LIBRARY OF CONGRESS CALL NUMBER | |
| Classification number | ER |
| Item number | Sp6 1985 |
| 100 ## - MAIN ENTRY--PERSONAL NAME | |
| Personal name | Hill, Eric |
| 245 ## - TITLE STATEMENT | |
| Title | Spot goes to the beach. |
| Withdrawn status | Lost status | Damaged status | Home library | Current library | Shelving location | Date acquired | Total Checkouts | Full call number | Barcode | Date last seen | Price effective from | Koha item type |
|---|---|---|---|---|---|---|---|---|---|---|---|---|
| Munich Library | Munich Library | Easy Reading Section | 02/18/2009 | ER Sp6 1985 | M3168 | 04/14/2014 | 04/14/2014 | Books |